[Event "Pirai do Sul op 25th"]
[Site "Chess.com INT"]
[Date "2020.12.28"]
[Round "12"]
[White "Dos Santos, Gabriel Martins"]
[Black "Oliveira, Lucas Ferreira"]
[Result "0-1"]
[WhiteElo "1413"]
[BlackElo "1879"]
[PlyCount "60"]
[EventDate "2020.12.26"]
[EventType "swiss"]
[EventRounds "12"]
[EventCountry "BRA"]
[SourceTitle "CBM 200 Extra"]
[Source "ChessBase"]
[SourceDate "2021.03.31"]
[SourceVersion "1"]
[SourceVersionDate "2021.03.31"]
[SourceQuality "1"]

1. d4 Nf6 2. c4 g6 3. Nf3 d5 4. e3 Bg7 5. Nc3 Bg4 6. cxd5 Nxd5 7. Be2 0-0 8. 0-0 e6 9. h3 Bxf3 10. Bxf3 Nxc3 11. bxc3 Nc6 12. a4 e5 13. Qb3 exd4 14. cxd4 Na5 15. Qc3 c6 16. Bd2 b6 17. Rfc1 Rc8 18. Qc2 c5 19. Bxa5 bxa5 20. Qd3 cxd4 21. Rxc8 Qxc8 22. exd4 Rd8 23. Rd1 Rxd4 24. Qxd4 Bxd4 25. Rxd4 Qc1+ 26. Kh2 Qb2 27. Rd8+ Kg7 28. Ra8 Qxf2 29. Bc6 Qf4+ 30. Kh1 Qc1+ 0-1

[Event "Pirai do Sul op 25th"]
[Site "Chess.com INT"]
[Date "2020.12.28"]
[Round "10"]
[White "Oliveira, Lucas Ferreira"]
[Black "Rodrigues Mota, Sophia Lorena"]
[Result "1-0"]
[WhiteElo "1879"]
[BlackElo "1418"]
[PlyCount "101"]
[EventDate "2020.12.26"]
[EventType "swiss"]
[EventRounds "12"]
[EventCountry "BRA"]
[SourceTitle "CBM 200 Extra"]
[Source "ChessBase"]
[SourceDate "2021.03.31"]
[SourceVersion "1"]
[SourceVersionDate "2021.03.31"]
[SourceQuality "1"]

1. d4 Nf6 2. c4 g6 3. Nc3 Bg7 4. e4 d6 5. Be3 Nbd7 6. Bd3 0-0 7. Nge2 b6 8. 0-0 Bb7 9. Qc2 e5 10. d5 Nc5 11. Bxc5 bxc5 12. f4 exf4 13. Rxf4 Re8 14. Raf1 Qe7 15. Ng3 Qe5 16. Kh1 Re7 17. Nge2 Nh5 18. R4f3 Qg5 19. Ng3 Nxg3+ 20. Rxg3 Qh5 21. Rh3 Qg5 22. Rg3 Qg4 23. Rxg4 Bc8 24. Rgf4 Be5 25. R4f3 Bg4 26. R3f2 Bd4 27. Rf4 Bd7 28. Nb5 Be3 29. R4f3 Bh6 30. Nxc7 Rb8 31. b3 Bg4 32. Rg3 Bh5 33. Nb5 Rd7 34. Nc3 Bg7 35. e5 Bxe5 36. Re3 Bd4 37. Ree1 Be5 38. Ne4 Kg7 39. h3 f5 40. Ng5 Bf6 41. Ne6+ Kf7 42. Be2 Bxe2 43. Rxe2 Be5 44. Rfe1 Kf6 45. g4 Rg8 46. gxf5 gxf5 47. Rg1 Rh8 48. Qd2 h6 49. Reg2 Ke7 50. Rf1 Kf6 51. Qc2 1-0